| 000 | 01370cam a22003012 4500 | ||
|---|---|---|---|
| 001 | 77075 | ||
| 003 | BD-RjUL | ||
| 005 | 20211209082925.0 | ||
| 008 | 200220m19231929enka b 000 0 engd | ||
| 035 | _a(BD-RjUL)77299 | ||
| 040 |
_aDLC _cKSU _dOCL _dEQO _beng |
||
| 041 | _aeng | ||
| 082 |
_221 _a780.9 _bSCL 1923 |
||
| 100 | 1 |
_aScholes, Percy A., _d1877-1958. _9239633 |
|
| 245 | 1 | 4 |
_aThe listener's history of music : _ba book for any concert-goer, pianolist or gramophonist, providing also a course of study for adult classes in the appreciation of music / _cby Percy A. Scholes. |
| 260 |
_aLondon ; _aNew York [etc.] : _bOxford University Press, _c1923-1929. |
||
| 300 |
_a3 v. : _bill. ; _c20 cm. |
||
| 500 | _a"General bibliography and ... hints on printed music and on gramophone records": v. 1, p. [175]-178. "Further reading upon the composer discussed in this book": v. 2, p. [215]-223; v. 3, p. [145]-147. | ||
| 505 | 0 | _aI. To Beethoven.--II. The romantic and nationalist schools of the nineteenth century.--III. To the composers of to-day. | |
| 650 | 0 |
_aMusic _xHistory and criticism. _9239634 |
|
| 650 | 0 |
_aMusic _xAnalysis, interpretation, appreciation. _9239635 |
|
| 942 |
_2ddc _cBK |
||
| 999 |
_c77075 _d77075 |
||